By the Numbers #33 - Statistics

General Stats
  • This quiz has been taken 61 times
  • The average score is 11 of 20
Answer Stats
Hint Explanation Answer % Correct
Number of sides a nonagon has 9
95%
Number of days in April 30
93%
92 + 92 162
90%
CCXLVII 247
88%
Number of months with exactly 31 days January, March, May, July, August, October, and December. 7
88%
Number of pennies in a nickel 5
78%
x = 745168 - 7 740
63%
Number of U.S. states whose name begins with “I” Idaho, Illinois, Indiana, Iowa. 4
58%
Face value of a “Q” tile in Scrabble 10
53%
According to the King James Version, the number of the commandment “Thou shalt have no other gods before me” 1
50%
Title of the 2017 film that was based on a Stephen King novella and starred Thomas Jane and Neal McDonough 1922. Directed by Zak Hilditch, Netflix, 2017. 1922
48%
Number of JetPunk sovereign nations with at least one capital city (of any type) beginning with “R” Rabat, Morocco; Reykjavík, Iceland; Riga, Latvia; Riyadh, Saudi Arabia; Rome, Italy; Roseau, Dominica. 6
40%
Number of the amendment to the U.S. Constitution that describes Congress’s powers of taxation. “The Congress shall have power to lay and collect taxes on incomes, from whatever source derived, without apportionment among the several states, and without regard to any census of enumeration.” 16
38%
Latest February date on which Washington’s Birthday can be celebrated in the U.S. Washington’s Birthday is a floating federal holiday that is celebrated on the third Monday in February. 21
35%
Fifth Avenue address of the Empire State Building 350
33%
Number of rabbits (or other creatures) in a brace 2
30%
Number of colored circles on the mat in the game Twister 24
25%
Eaton Place address of the Bellamy family on Upstairs, Downstairs 165
23%
Number of U.S. state capitals that start with “D” Denver, CO; Des Moines, IA; Dover, DE. 3
23%
Number of sovereign states whose English language name begins with “S” - Saint Kitts and Nevis, Saint Lucia, Saint Vincent and the Grenadines, Samoa, San Marino
- São Tomé and Príncipe, Saudi Arabia, Senegal, Serbia, Seychelles
- Sierra Leone, Singapore, Slovakia, Slovenia, Solomon Islands
- Somalia, South Africa, South Korea, South Sudan, Spain
- Sri Lanka, Sudan, Suriname, Sweden, Switzerland
- Syria
26
18%
No matching quizzes found
Score Distribution
Percent of People with Each Score
Percentile by Number Answered
Your Score History
You have not taken this quiz